Not your Mama's beading : The cool and creative way to string 'em along
This beading book offers projects that are chic, unique, and absolutely wearable. With more than thirty super-cool designs, it covers essential tools and materials, must-know beading techniques, and ideas for personalizing every project. You’ll whip up designs with pizzazz to adorn your apartment, y...
Đã lưu trong:
| Príomhúdar: | |
|---|---|
| Formáid: | Leabhar |
| Teanga: | Undetermined |
| Foilsithe: |
Hoboken, N.J.
Wiley
2006
|
| Ábhair: | |
| Clibeanna: |
Cuir Clib Leis
Gan Chlibeanna, Bí ar an gcéad duine leis an taifead seo a chlibeáil!
|
| Thư viện lưu trữ: | Trung tâm Học liệu Trường Đại học Cần Thơ |
|---|
| LEADER | 00999nam a2200229Ia 4500 | ||
|---|---|---|---|
| 001 | CTU_164517 | ||
| 008 | 210402s9999 xx 000 0 und d | ||
| 020 | |c 14.99 | ||
| 082 | |a 745.582 | ||
| 082 | |b S559 | ||
| 100 | |a Shoup, Kate | ||
| 245 | 0 | |a Not your Mama's beading : | |
| 245 | 4 | |b The cool and creative way to string 'em along | |
| 245 | 0 | |c Kate Shoup Welsh | |
| 260 | |a Hoboken, N.J. | ||
| 260 | |b Wiley | ||
| 260 | |c 2006 | ||
| 520 | |a This beading book offers projects that are chic, unique, and absolutely wearable. With more than thirty super-cool designs, it covers essential tools and materials, must-know beading techniques, and ideas for personalizing every project. You’ll whip up designs with pizzazz to adorn your apartment, your friends, or yourself! With a sassy attitude, hip projects, and color photos, this will bring out your inner diva. | ||
| 650 | |a Beadwork | ||
| 650 | |x Patterns | ||
| 904 | |i Giang | ||
| 980 | |a Trung tâm Học liệu Trường Đại học Cần Thơ | ||